| 000 | 01143nam a22003257a 4500 | ||
|---|---|---|---|
| 003 | CHAP | ||
| 005 | 20220329143320.0 | ||
| 008 | 080527d2006 us r 00010 eng d | ||
| 010 | _a94858 | ||
| 011 | _a95830 | ||
| 020 | _a9264022619 | ||
| 035 | _a106461 | ||
| 040 | _cCHAP | ||
| 082 | 0 | 4 |
_a337 _bOe2 |
| 110 | 0 |
_aOrganización para la Cooperación y el Desarrollo Económicos. París _983559 |
|
| 245 | 1 | 4 |
_aThe world economy _c/por Organización para la Cooperación y el Desarrollo Economicos |
| 260 |
_aParis : _bOCDE, _c2006 |
||
| 300 |
_a653 p. : _bgráfs., tablas |
||
| 500 | _aLa biblioteca tiene : v.1 : A millennial perspective -- v.2 : Historial statistics | ||
| 590 |
_aBATCH-UPD _b10 _c20130110 _lUCH01 _h1604 |
||
| 590 |
_aBATCH-UPD _b10 _c20130410 _lUCH01 _h1001 |
||
| 590 |
_aBATCH-UPD _b10 _c20130914 _lUCH01 _h1233 |
||
| 590 |
_aCONVERSION _b10 _c20130109 _lUCH01 _h1352 |
||
| 650 | 1 | 4 |
_aEconomía. _935226 |
| 650 | 1 | 4 |
_aEconomía _xEstadísticas. _935234 |
| 650 | 1 | 4 |
_aEconomía _xHistoria. _935238 |
| 901 | _aBK | ||
| 942 | _cLIBRO | ||
| 949 |
_a337 Oe2 _bBC _cLIBRO _d33724002057694 _eLIBRO _gI.c/e. _h109562 _i106461 _sb _t$490.00 |
||
| 999 |
_c94858 _d94858 |
||